|
|
|
|
| LEADER |
00000nab a2200000 ar4500 |
| 001 |
vtls008427140 |
| 003 |
SK-MaSNL |
| 005 |
20260303065948.0 |
| 008 |
060131c2006 xo wr|p|||||||000 b|slo |
| 015 |
|
|
|a SNBRB2006/01
|2 snkbucl
|
| 038 |
|
|
|a SNKBUCL
|
| 040 |
|
|
|a SNKBUCL
|b slo
|c SNKBUCL
|e AACR2
|
| 041 |
0 |
|
|a slo
|
| 044 |
|
|
|a xo
|c SK
|
| 080 |
|
|
|a 791.43
|x (73)
|2 2001
|
| 100 |
1 |
|
|a Varga, Karol
|4 aut
|9 274098
|
| 245 |
1 |
0 |
|a Da Vinciho kód ničí filmárov
|c pripravil: Karol Varga
|
| 300 |
|
|
|b Fotogr.
|
| 630 |
0 |
7 |
|a Da Vinciho kód (film)
|2 snkbucl
|9 1056864
|
| 773 |
0 |
|
|t Eurotelevízia
|g Roč. 16, č. 1 (2006), s. 24-25
|x 0139-7451
|
| 852 |
|
|
|a SNK
|b KIS3GCP
|
| 958 |
|
|
|a US
|
| 999 |
|
|
|c 1753435
|d 1755365
|